| 000 | 00817nam a22002771 4500 | ||
|---|---|---|---|
| 001 | 31188 | ||
| 003 | BD-RjUL | ||
| 005 | 20211209051654.0 | ||
| 008 | 140413r19651953enk b 000 0 eng c | ||
| 035 | _a(BD-RjUL)31275 | ||
| 035 | _a(OCoLC)1214918 | ||
| 040 |
_aYale Univ. Library _cFO _dBD-RjUL _beng |
||
| 041 | _aeng | ||
| 082 |
_a194.9 _bMUS 1965 |
||
| 100 | 1 |
_aMurdoch, Iris. _965317 |
|
| 245 | 1 | 0 |
_aSartre romantic rationalist / _cIris Murdoch |
| 260 |
_aLondon : _bBowes & Bowes, _c1953 [impression 1965]. |
||
| 300 |
_a78 p. ; _c19 cm. |
||
| 490 | 0 | _aStudies in modern European literature and thought | |
| 504 | _aInclude bibliography. | ||
| 600 | 1 | 0 |
_aSartre, Jean-Paul, _d1905-1980. _94359 |
| 650 | 0 |
_aExistentialism. _994847 |
|
| 942 |
_2ddc _cBK |
||
| 999 |
_c31188 _d31188 |
||